Bài tập đại số sơ cấp T.1

Đã lưu trong:
Sonraí Bibleagrafaíochta
Príomhúdar: Kretsmar, V.A
Údair Eile: Nguyễn Duy Thuận, Vũ Dương Thụy
Formáid: Leabhar
Foilsithe: H. Giáo dục 1981
Sraith:Sách đại học sư phạm
Ábhair:
Clibeanna: Cuir Clib Leis
Gan Chlibeanna, Bí ar an gcéad duine leis an taifead seo a chlibeáil!
Thư viện lưu trữ: Trung tâm Học liệu Lê Vũ Hùng, Trường Đại học Đồng Tháp
LEADER 00819pam a22002418a 4500
001 00020135
005 20171026081025.0
008 110511s1981 ||||||Viesd
041 0 # |a Vie 
082 1 4 |a 512.007 6  |b B103T 
100 0 # |a Kretsmar, V.A 
245 0 0 |a Bài tập đại số sơ cấp  |c V.A.Kretsmar, Vũ Dương Thụy, Nguyễn Duy Thuận  |n T.1 
260 # # |a H.  |b Giáo dục  |c 1981 
300 # # |a 299 tr.  |c 21 cm. 
490 0 # |a Sách đại học sư phạm 
650 # 4 |a Bài tập 
650 # 4 |a Đại số sơ cấp 
700 0 # |a Nguyễn Duy Thuận 
700 0 # |a Vũ Dương Thụy 
852 # # |b Kho đọc  |j KD.0005624 
852 # # |j KD.0005624 
910 0 # |a N.V.Đức  |d 11/05/2011 
980 # # |a Trung tâm Học liệu Lê Vũ Hùng, Trường Đại học Đồng Tháp